| 000 | 00584 a2200181 4500 | ||
|---|---|---|---|
| 999 |
_c129 _d129 |
||
| 008 | 220928b ||||| |||| 00| 0 eng d | ||
| 020 | _a9789332556065 | ||
| 041 | 0 | _aeng | |
| 082 | 0 | 0 |
_a621.38154 _bH4748 |
| 100 |
_aHelfrick, Albert D. _95240 |
||
| 245 |
_aModern electronic instrumentation and measurement techniques / _cby Albert D. Helfrick and William David Cooper |
||
| 250 | _a1st ed. | ||
| 260 |
_aNoida: _bPearson India Education Services Pvt. Ltd., _c2016. |
||
| 300 | _ax, 414 p. | ||
| 650 | 0 | _aElectric Measurements | |
| 700 |
_aCooper, William D. _92577 |
||
| 942 |
_2ddc _cBK |
||